LEADER 01113nam0 22003131i 450 001 990004999910403321 005 20161026151243.0 035 $a000499991 035 $aFED01000499991 035 $a(Aleph)000499991FED01 035 $a000499991 100 $a19990604g19639999km-y0itay50------ba 101 0 $aita 105 $ay-------001yy 200 1 $aRomanisce Sprachwissenschaft$fHeinrich Lausberg 210 $aBerlin$cW. de Gruyter & Co$d1963. 215 $a4 v.$d26 cm 225 1 $aSammlung Göschen$v128 300 $aManca il v. 4 300 $aAltro esemplare del v. 3 con collocazione CF 305c. 327 0 $a1.: Einleitung und Vokalismus Zweite, durchgesehene Auflage$a2.: Konsonantismum. - 1956$a3.1 Formenlehre. - 1962$a3.2.Formenlehre$a4.: Wortlehre und Syntax 700 1$aLausberg,$bHeinrich$0132218 801 0$aIT$bUNINA$gRICA$2UNIMARC 901 $aBK 912 $a990004999910403321 951 $aCF 305-305$bFil. Mod. 9960$eBiblioteca centralizzata della Facoltà di Lettere e Filosofia$fFLFBC 959 $aFLFBC 996 $aRomanisce Sprachwissenschaft$9530400 997 $aUNINA LEADER 01255nam0 22002891i 450 001 UON00206119 005 20231205103314.533 100 $a20030730d1966 |0itac50 ba 101 $afre 102 $aFR 105 $a|||| ||||| 200 1 $aApollinaire$fPierre Abraham ... [et al.] 210 $aParis$cLes Éditeurs Français Réunis$d1966 215 $a322 p., 16 c. di tav.$d22 cm. 311 $aN°470-471-472 (1968)$9UON00238790 461 0$1001UON00238790$12001 $aEurope$eRevue littéraire mensuelle$1205 $a1re anne?e$bno 1 (15. fe?vrier 1923)- $1207 $aParis : F. Rieder et Cie, e?diteurs, 1923- $1210 $av.$a23 cm$1215 $aMensile$v N°470-471-472 (1968) 606 $aAPOLLINAIRE GUILLAUME$3UONC043161$2FI 620 $aFR$dParis$3UONL002984 676 $a841$cPoesia francese$v21 702 1$aABRAHAM$bPierre$3UONV123681 712 $aLes Éditeurs Français Réunis$3UONV267584$4650 801 $aIT$bSOL$c20240220$gRICA 899 $aSIBA - SISTEMA BIBLIOTECARIO DI ATENEO$2UONSI 912 $aUON00206119 950 $aSIBA - SISTEMA BIBLIOTECARIO DI ATENEO$dSI Francese VI B APO Eur $eSI LO 1737 5 996 $aApollinaire$9210931 997 $aUNIOR